=LDR 00000nam 2200000 4500 =001 INLIS000000000035930 =005 20130612141741 =008 ***********************************ind** =035 ##$$0010-061300000035930 =041 ##$$a ind =082 ##$$a 420.7 =090 ##$$a 420.7, Eng l =245 ##$$a English 3 =260 ##$$a 1996 $b Bandung =300 ##$$a viii, 243 hlm, 21 cm =650 ##$$a Bahasa ingris =850 ##$$a NBPNMAT